000 00339nam a2200133Ia 4500
008 240624s9999 xx 000 0 und d
041 _aeng
082 _a658.8 KOT
100 _aKOTLER PHILIP
245 _aMARKETING MANAGEMENT
250 _a(12th ed.)
260 _c2006
_aNew Delhi
_bPearson Education
300 _axxxix, : 672 : p. ; 27cm.
999 _c8671
_d8671